Todas las capitales de países y territorios no reconocidos, y regiones - Estadísticas

Estadísticas generales
  • Esta prueba ha sido intentada 103 veces
    45 desde el último reinicio
  • La puntuación promedio es 36 de 111
Estadísticas de respuestas
País Capital % Correcto
Escocia Edimburgo
94%
Groenlandia Nuuk
88%
Puerto Rico San Juan
88%
Gales Cardiff
81%
Gibraltar Gibraltar
81%
Hong Kong Hong Kong
81%
Macao Macao
81%
Kosovo Pristina
81%
Taiwán Taipéi
81%
Guayana Francesa Cayena
75%
Anguilla El Valle
75%
Chipre del Norte Nicosia del Norte
75%
Palestina Ramala
75%
Irlanda del Norte Belfast
69%
Samoa Americana Pago Pago
69%
San Pedro y Miquelón San Pedro
69%
Guadalupe Basse-Terre
63%
OTAN | Unión Europea UE Bruselas
63%
Sáhara Occidental El Aaiún
63%
Bermudas Hamilton
63%
Isla de Man Douglas
56%
Aruba | San Eustaquio Oranjestad
56%
Polinesia Francesa Papeete
56%
Reunión Saint Denis
56%
Islas Malvinas Stanley
56%
Transnistria Tiráspol
56%
Guam Agaña
50%
Niue Alofi
50%
Isla Ascensión Georgetown
50%
Islas Caimán George Town
50%
Abjasia Sujumi
50%
Nueva Caledonia Numea
44%
Islas Marianas del Norte Saipán
44%
Islas Cook Avarua
38%
Tristán de Acuña Edimburgo de los Siete Mares
38%
Martinica Fort de France
38%
Santa Elena Jamestown
38%
Isla Norfolk Kingston
38%
Wallis y Futuna Mata-Utu
38%
Islas Feroe Tórshavn
38%
Islas Cocos (Keeling) West Island
38%
Curazao Willemstad
38%
Tokelau Atafu
31%
Territorio Británico del Océano Índico Camp Thunder Cove
31%
Islas Vírgenes de los Estados Unidos Charlotte Amalie
31%
Islas Turcas y Caicos Cockburn Town
31%
Kurdistán (Irak) Erbil
31%
Isla de Navidad Flying Fish Cove
31%
Isla de Pascua Hanga Roa
31%
Islas Georgias del Sur y Sandwich del Sur King Edward Point
31%
Svalbard Longyearbyen
31%
Mayotte Mamoudzou
31%
Åland Mariehamn
31%
ONU Nueva York
31%
Sint Maarten Philipsburg
31%
Montserrat (oficial, de jure) Plymouth
31%
Jersey Saint Helier
31%
Guernsey Saint Peter Port
31%
Isla de Saba The Bottom
31%
Osetia del Sur Tsjinvali
31%
Islas Pitcairn Adamstown
25%
Acrotiri y Dhekelia Episkopi
25%
San Bartolomé Gustavia
25%
Somalilandia Hargeisa
25%
Bonaire Kralendijk
25%
Saint-Martin Marigot
25%
Islas Vírgenes Británicas Road Town
25%
Nagorno Karabaj (de facto) Stepanakert
25%
Artsaj (internacional) Khankendi
19%
Tierras Australes y Antárticas Francesas Saint-Pierre
19%
República Popular de Donetsk Donetsk
13%
República Popular de Luhansk Luhansk
13%
Principado de Seborga (Italia) Seborga
13%
República del Uzupis (Lituania) Užupis
13%
Awdalland (Somalia) Boorama
6%
Montserrat (centro administrativo, de facto) Brades
6%
Principado de Sealand HM Fort Roughs
6%
Kugelmugel (Austria) Kugelmugel
6%
Emirato Islámico de Waziristán del Norte Miranshah
6%
Azad Jammu y Cachemira (Pakistán-administrado) Muzaffarabad
6%
Estado Wa (Myanmar) Pangkham
6%
República de Rose Island (plataforma artificial) Rose Island
6%
República de Slowjamastan (EE.UU.) Slowjamastan
6%
Shan State (Región autónoma en Myanmar) Taunggyi
6%
Reino de Tavolara (Italia) Tavolara
6%
Azawad (Malí, 2012–2013) Timbuktu
6%
Tamil Eelam Trincomalee
6%
Emirato Islámico de Waziristán del Sur Wana
6%
Zaqistan (EE.UU.) Zaqistan
6%
Himan y Heeb (Somalia) Adado
0%
República de Molossia Baughston
0%
Galmudug (Somalia) Dhuusamareeb
0%
Kurdistán (Turquía) Diyarbakır
0%
República de Albania Central (1913–1914) Durrës
0%
Ducado de Curlandia, Semigalia y Pilten (histórico, 1812) Jelgava
0%
Puntland (Somalia) Garowe
0%
República de Armenia Montañosa (1921) Goris
0%
Gran Ducado de Westarctica (Tierra de Marie Byrd, Antártida) Isla Pedro I
0%
Jubaland (Somalia) Kismayo
0%
Real República de Ladonia (Suecia) Ladonien
0%
República Libre de Liberland Liberpolis
0%
Reino de Elleore (Dinamarca) Maglelille
0%
Principado de Hutt River (Australia) Nain
0%
Jan Mayen Olonkinbyen
0%
Kurdistán (Siria) Qamishli
0%
Kurdistán (Irán) Sanandaj
0%
Gobierno Popular de Azerbaiyán (1945–1946, en Irán) Tabriz
0%
Dominio de Melquisedec (capital en Kiribati) Taongi Atoll
0%
República Murrawarri (Australia) Weilmoringle
0%
No se encontraron pruebas coincidentes
Distribución de puntuación
Porcentaje de gente con cada puntuación
Porcentaje por número respondido
Historial de tus puntuaciones
No has intentado esta prueba desde el último reinicio